[Event "Titled Tuesday intern op 29th Aug Late"]
[Site "Chess.com INT"]
[Date "2023.08.29"]
[Round "2"]
[White "Petersson, Kjell"]
[Black "Rajmohan, Vikram"]
[Result "1-0"]
[WhiteElo "2040"]
[BlackElo "2018"]
[PlyCount "51"]
[EventDate "2023.08.29"]
[EventType "swiss (blitz)"]
[EventRounds "11"]
[EventCountry "USA"]
[SourceTitle "EXT 2024"]
[Source "ChessBase"]
[SourceDate "2023.10.10"]
[SourceVersion "1"]
[SourceVersionDate "2023.10.10"]
[SourceQuality "1"]

1. d4 d5 2. Bf4 c5 3. e3 Nc6 4. c3 Qb6 5. Qb3 c4 6. Qc2 Bf5 7. Qxf5 Qxb2 8. Qxd5 Qxa1 9. Qb5 e5 10. Qxb7 exf4 11. Qxa8+ Nd8 12. Qe4+ Be7 13. Bxc4 Nf6 14. Qc2 fxe3 15. fxe3 Ng4 16. Ke2 0-0 17. Nf3 Re8 18. Ne5 Nxe5 19. dxe5 Bc5 20. Rd1 Nc6 21. Nd2 Qxd1+ 22. Kxd1 Nxe5 23. Qf5 Bxe3 24. Bb3 Ng6 25. Qxf7+ Kh8 26. Qxe8+ 1-0

[Event "Titled Tuesday intern op 29th Aug Late"]
[Site "Chess.com INT"]
[Date "2023.08.29"]
[Round "3"]
[White "Rajmohan, Vikram"]
[Black "Zampronha, Wladimir Camilo"]
[Result "0-1"]
[WhiteElo "2018"]
[BlackElo "2170"]
[PlyCount "97"]
[EventDate "2023.08.29"]
[EventType "swiss (blitz)"]
[EventRounds "11"]
[EventCountry "USA"]
[SourceTitle "EXT 2024"]
[Source "ChessBase"]
[SourceDate "2023.10.10"]
[SourceVersion "1"]
[SourceVersionDate "2023.10.10"]
[SourceQuality "1"]

1. Nf3 Nf6 2. g3 e6 3. Bg2 d5 4. 0-0 b5 5. d4 Be7 6. c3 0-0 7. Re1 Bb7 8. Nbd2 c5 9. Ne5 Nbd7 10. Nxd7 Qxd7 11. Nb3 c4 12. Nd2 a5 13. e4 b4 14. exd5 exd5 15. Nf3 Ne4 16. Ne5 Qc8 17. f3 Nd6 18. Nxc4 Qxc4 19. Rxe7 bxc3 20. bxc3 Qxc3 21. Bf4 Rfe8 22. Bxd6 Rxe7 23. Bxe7 Qe3+ 24. Kh1 Qxe7 25. Qd2 Qb4 26. Qd3 Ba6 27. Qe3 Rc8 28. Re1 h6 29. f4 Bc4 30. a3 Qb2 31. f5 Qb3 32. Qe5 Qxa3 33. f6 g6 34. Qf4 Qf8 35. Re7 a4 36. Ra7 Bb3 37. h4 h5 38. Bh3 Ra8 39. Rxa8 Qxa8 40. Qh6 Qf8 41. Qg5 a3 42. Qc1 a2 43. Qa1 Qb4 44. g4 Qd2 45. gxh5 Qc2 46. hxg6 Qb1+ 47. Kg2 Qxa1 48. gxf7+ Kf8 49. h5 0-1

[Event "Titled Tuesday intern op 22nd Aug Late"]
[Site "Chess.com INT"]
[Date "2023.08.22"]
[Round "6"]
[White "Baziuk, Vladyslav"]
[Black "Rajmohan, Vikram"]
[Result "1-0"]
[WhiteElo "2211"]
[BlackElo "2018"]
[PlyCount "45"]
[EventDate "2023.08.22"]
[EventType "swiss (blitz)"]
[EventRounds "11"]
[EventCountry "USA"]
[SourceTitle "EXT 2024"]
[Source "ChessBase"]
[SourceDate "2023.10.10"]
[SourceVersion "1"]
[SourceVersionDate "2023.10.10"]
[SourceQuality "1"]

1. e4 c6 2. d4 d5 3. e5 Bf5 4. Nf3 e6 5. Be2 Nd7 6. 0-0 Ne7 7. Nbd2 h6 8. a4 g5 9. Nb3 Bg6 10. Bd2 c5 11. c4 cxd4 12. Nfxd4 Bg7 13. Bh5 Bxe5 14. cxd5 Bxh5 15. Qxh5 Nf6 16. Qh3 Nexd5 17. Rfe1 Bxd4 18. Nxd4 g4 19. Qh4 Qd7 20. Rac1 Nb6 21. Qxf6 Rg8 22. Nxe6 Rg6 23. Qh8+ 1-0

[Event "Titled Tuesday intern op 22nd Aug Late"]
[Site "Chess.com INT"]
[Date "2023.08.22"]
[Round "4"]
[White "Rajmohan, Vikram"]
[Black "Munoz Pelaez, Manuel"]
[Result "1-0"]
[WhiteElo "2018"]
[BlackElo "2263"]
[PlyCount "51"]
[EventDate "2023.08.22"]
[EventType "swiss (blitz)"]
[EventRounds "11"]
[EventCountry "USA"]
[SourceTitle "EXT 2024"]
[Source "ChessBase"]
[SourceDate "2023.10.10"]
[SourceVersion "1"]
[SourceVersionDate "2023.10.10"]
[SourceQuality "1"]

1. c4 e6 2. Nc3 d5 3. cxd5 exd5 4. d4 Nf6 5. Bf4 c6 6. e3 Bd6 7. Bg3 0-0 8. Bd3 Bg4 9. f3 Bh5 10. Nge2 Bg6 11. 0-0 Bxg3 12. Nxg3 Nbd7 13. Re1 Re8 14. e4 dxe4 15. fxe4 Nb6 16. Bc2 Qe7 17. e5 Nfd5 18. Nce4 Rad8 19. Nd6 Rf8 20. Ngf5 Bxf5 21. Bxf5 Rxd6 22. exd6 Qxd6 23. Qf3 Nf6 24. Rad1 Qb4 25. Qc3 Qa5 26. Qxa5 1-0

[Event "Titled Tuesday intern op 22nd Aug Late"]
[Site "Chess.com INT"]
[Date "2023.08.22"]
[Round "7"]
[White "Rajmohan, Vikram"]
[Black "Vaglio Munoz, Jaime"]
[Result "1-0"]
[WhiteElo "2018"]
[BlackElo "2174"]
[PlyCount "57"]
[EventDate "2023.08.22"]
[EventType "swiss (blitz)"]
[EventRounds "11"]
[EventCountry "USA"]
[SourceTitle "EXT 2024"]
[Source "ChessBase"]
[SourceDate "2023.10.10"]
[SourceVersion "1"]
[SourceVersionDate "2023.10.10"]
[SourceQuality "1"]

1. c4 c6 2. d4 b5 3. cxb5 cxb5 4. e4 Bb7 5. Bd3 Nf6 6. Qe2 Nc6 7. Nf3 Nb4 8. e5 Nxd3+ 9. Qxd3 Nd5 10. Nc3 a6 11. a3 e6 12. Bd2 Nxc3 13. Bxc3 Bd5 14. 0-0 Bc4 15. Qe4 Bxf1 16. Rxf1 h6 17. Rd1 Qc7 18. d5 Qb7 19. Qc2 Rc8 20. d6 g5 21. Qe2 Rc4 22. Rd3 Bg7 23. h4 Re4 24. Qd2 g4 25. Nh2 h5 26. Qg5 Bf8 27. Nf1 a5 28. Bxa5 Qa7 29. Qd8# 1-0

[Event "Titled Tuesday intern op 08th Aug Late"]
[Site "Chess.com INT"]
[Date "2023.08.08"]
[Round "4"]
[White "Petersson, Kjell"]
[Black "Rajmohan, Vikram"]
[Result "0-1"]
[WhiteElo "2040"]
[BlackElo "2018"]
[PlyCount "58"]
[EventDate "2023.08.08"]
[EventType "swiss (blitz)"]
[EventRounds "11"]
[EventCountry "USA"]
[SourceTitle "EXT 2024"]
[Source "ChessBase"]
[SourceDate "2023.10.10"]
[SourceVersion "1"]
[SourceVersionDate "2023.10.10"]
[SourceQuality "1"]

1. d4 d5 2. Bf4 Nf6 3. e3 c5 4. c3 Nc6 5. Nd2 Bf5 6. Qb3 Qd7 7. Ngf3 a6 8. dxc5 e6 9. Ne5 Nxe5 10. Bxe5 Bxc5 11. Bxf6 gxf6 12. Be2 b5 13. a4 bxa4 14. Rxa4 0-0 15. 0-0 Rab8 16. Qa2 Rxb2 17. Qxb2 Qxa4 18. Ra1 Qd7 19. Bxa6 Bd6 20. Nf3 Rb8 21. Qd2 e5 22. Be2 Bc5 23. h3 Kg7 24. Ra5 Qc7 25. c4 dxc4 26. Bxc4 Bb4 27. Qd5 Bxa5 28. Nxe5 Be6 29. Qe4 Qxe5 0-1

[Event "Titled Tuesday intern op 08th Aug Late"]
[Site "Chess.com INT"]
[Date "2023.08.08"]
[Round "7"]
[White "Rajmohan, Vikram"]
[Black "Lopez Idarraga, Daniel Eduardo"]
[Result "0-1"]
[WhiteElo "2018"]
[BlackElo "2009"]
[PlyCount "60"]
[EventDate "2023.08.08"]
[EventType "swiss (blitz)"]
[EventRounds "11"]
[EventCountry "USA"]
[SourceTitle "EXT 2024"]
[Source "ChessBase"]
[SourceDate "2023.10.10"]
[SourceVersion "1"]
[SourceVersionDate "2023.10.10"]
[SourceQuality "1"]

1. c4 e6 2. d4 d5 3. Nf3 dxc4 4. g3 Nf6 5. Bg2 a6 6. 0-0 b5 7. Ne5 Nd5 8. e4 Nb6 9. b3 cxb3 10. axb3 Bb7 11. Nc3 N8d7 12. f4 Bb4 13. Bb2 0-0 14. Kh1 c5 15. d5 Nxe5 16. fxe5 Bxc3 17. Bxc3 exd5 18. Qg4 d4 19. Bd2 Bc8 20. Qf3 Qe7 21. Bf4 Be6 22. h4 a5 23. h5 h6 24. g4 Qh4+ 25. Bh3 a4 26. bxa4 Rxa4 27. Rab1 Nc4 28. Rxb5 Ra3 29. Rb3 Rxb3 30. Qxb3 Ne3 0-1

[Event "Titled Tuesday intern op 01st Aug Early"]
[Site "Chess.com INT"]
[Date "2023.08.01"]
[Round "3"]
[White "Iskusnyh, Sergei"]
[Black "Rajmohan, Vikram"]
[Result "0-1"]
[WhiteElo "2440"]
[BlackElo "2018"]
[PlyCount "72"]
[EventDate "2023.08.01"]
[EventType "swiss (blitz)"]
[EventRounds "11"]
[EventCountry "USA"]
[SourceTitle "EXT 2024"]
[Source "ChessBase"]
[SourceDate "2023.10.10"]
[SourceVersion "1"]
[SourceVersionDate "2023.10.10"]
[SourceQuality "1"]

1. d4 d5 2. c4 c6 3. Nf3 Nf6 4. e3 Bf5 5. Nc3 e6 6. Nh4 Be4 7. f3 Bg6 8. Nxg6 hxg6 9. Bd2 Be7 10. Qc2 Qc7 11. 0-0-0 dxc4 12. Bxc4 b5 13. Nxb5 cxb5 14. Bxb5+ Kd8 15. Bc3 Nd5 16. Rhe1 Nd7 17. Rd3 Rb8 18. Ba4 N7b6 19. Bb3 Nb4 20. Bxb4 Qxc2+ 21. Kxc2 Bxb4 22. Red1 Rxh2 23. d5 Rxg2+ 24. Kb1 exd5 25. Bxd5 Nxd5 26. Rxd5+ Ke7 27. Rd7+ Kf8 28. Rxa7 Bc3 29. Rdd7 Rbxb2+ 30. Kc1 Rg1+ 31. Rd1 Rxd1+ 32. Kxd1 Rd2+ 33. Kc1 Rf2 34. f4 Bd2+ 35. Kc2 Bxe3+ 36. Kd3 Bxa7 0-1

[Event "Titled Tuesday intern op 01st Aug Early"]
[Site "Chess.com INT"]
[Date "2023.08.01"]
[Round "1"]
[White "Pichot, Alan"]
[Black "Rajmohan, Vikram"]
[Result "1-0"]
[WhiteElo "2642"]
[BlackElo "2018"]
[PlyCount "103"]
[EventDate "2023.08.01"]
[EventType "swiss (blitz)"]
[EventRounds "11"]
[EventCountry "USA"]
[SourceTitle "EXT 2024"]
[Source "ChessBase"]
[SourceDate "2023.10.10"]
[SourceVersion "1"]
[SourceVersionDate "2023.10.10"]
[SourceQuality "1"]

1. d4 d5 2. Nf3 Nf6 3. c4 c6 4. e3 Bf5 5. Nc3 e6 6. Be2 Nbd7 7. Nh4 Be4 8. 0-0 Be7 9. f3 Bg6 10. g3 0-0 11. Nxg6 hxg6 12. b3 Rc8 13. Bb2 Qb6 14. c5 Qc7 15. f4 a5 16. a3 b6 17. b4 bxc5 18. bxc5 Rb8 19. Rb1 Ne4 20. Qc2 f5 21. Nxe4 fxe4 22. Bg4 Rf6 23. Bc3 Nf8 24. Rxb8 Qxb8 25. Rb1 Qc7 26. Qa4 g5 27. Qxa5 Qd7 28. Qa8 gxf4 29. Rb7 Qd8 30. Qxd8 Bxd8 31. gxf4 g5 32. fxg5 Rg6 33. h4 Bxg5 34. hxg5 Rxg5 35. a4 Rxg4+ 36. Kf2 Rh4 37. Kg3 Rh1 38. a5 Rc1 39. Bb2 Rc4 40. a6 Ra4 41. a7 Ra6 42. Bc3 Ra3 43. Kf4 Ng6+ 44. Kg5 Nf8 45. Kf6 Ra4 46. Ke7 Ra2 47. Kd6 Ra6 48. Be1 Kh8 49. Bh4 Kg8 50. Bd8 Kh8 51. Bb6 Kg8 52. Rb8 1-0

[Event "Titled Tuesday intern op 01st Aug Early"]
[Site "Chess.com INT"]
[Date "2023.08.01"]
[Round "11"]
[White "Rajmohan, Vikram"]
[Black "Derige Kane, Yan"]
[Result "0-1"]
[WhiteElo "2018"]
[BlackElo "2162"]
[PlyCount "120"]
[EventDate "2023.08.01"]
[EventType "swiss (blitz)"]
[EventRounds "11"]
[EventCountry "USA"]
[SourceTitle "EXT 2024"]
[Source "ChessBase"]
[SourceDate "2023.10.10"]
[SourceVersion "1"]
[SourceVersionDate "2023.10.10"]
[SourceQuality "1"]

1. c4 e6 2. Nc3 d5 3. e3 Nf6 4. Nf3 Be7 5. cxd5 exd5 6. d4 0-0 7. Bd3 c6 8. 0-0 Bg4 9. h3 Bh5 10. Be2 Nbd7 11. Ne5 Bxe2 12. Qxe2 Nxe5 13. dxe5 Nd7 14. f4 f6 15. e6 Nc5 16. f5 Qd6 17. e4 dxe4 18. Bf4 Qd3 19. Rfe1 Rfd8 20. Nxe4 Rd4 21. Nxc5 Bxc5 22. Qxd3 Rxd3+ 23. Kh2 Kf8 24. Rac1 Bb4 25. Re4 Be7 26. Rc3 Rad8 27. Rxd3 Rxd3 28. Re3 Rd5 29. g4 g6 30. fxg6 hxg6 31. Re2 Bd6 32. Bxd6+ Rxd6 33. Kg3 Ke7 34. h4 Rxe6 35. Rxe6+ Kxe6 36. h5 Kf7 37. Kf4 Kg7 38. b4 b6 39. Ke4 Kh6 40. hxg6 Kxg6 41. Kf4 c5 42. bxc5 bxc5 43. Ke4 Kg5 44. Kd5 Kxg4 45. Kxc5 f5 46. a4 f4 47. a5 f3 48. Kc6 f2 49. Kb7 f1Q 50. Kxa7 Qf7+ 51. Kb6 Qe6+ 52. Ka7 Qd7+ 53. Kb6 Qc8 54. Ka7 Qc7+ 55. Ka6 Kf5 56. Kb5 Ke5 57. Ka6 Kd5 58. Kb5 Qa7 59. a6 Kd6 60. Ka5 Kc5 0-1

[Event "Titled Tuesday intern op 25th Jul Early"]
[Site "Chess.com INT"]
[Date "2023.07.25"]
[Round "7"]
[White "Kiseljova, Marya"]
[Black "Rajmohan, Vikram"]
[Result "1-0"]
[WhiteElo "2031"]
[BlackElo "2012"]
[PlyCount "87"]
[EventDate "2023.07.25"]
[EventType "swiss (blitz)"]
[EventRounds "11"]
[EventCountry "USA"]
[SourceTitle "EXT 2024"]
[Source "ChessBase"]
[SourceDate "2023.10.10"]
[SourceVersion "1"]
[SourceVersionDate "2023.10.10"]
[SourceQuality "1"]

1. d4 d5 2. c4 c6 3. Nf3 Nf6 4. g3 Bf5 5. Nh4 Bg6 6. Nxg6 hxg6 7. Qc2 e6 8. Bg5 Nbd7 9. Nd2 Be7 10. Bg2 Qa5 11. 0-0 0-0 12. a3 dxc4 13. Nxc4 Qxg5 14. e4 Qb5 15. Rfd1 c5 16. d5 exd5 17. exd5 Nb6 18. Ne3 Bd6 19. a4 Qb4 20. a5 Nbd7 21. Nc4 Be5 22. Ra4 Qb5 23. Bf1 Bd4 24. b3 Nxd5 25. Nb6 Qc6 26. Nxa8 Rxa8 27. a6 b5 28. Raxd4 N7f6 29. Bg2 Rd8 30. R4d2 c4 31. bxc4 bxc4 32. Rd4 Qc5 33. Rxc4 Qb5 34. Rc5 Qxa6 35. Bxd5 Nxd5 36. Rcxd5 Rc8 37. Rd8+ Rxd8 38. Rxd8+ Kh7 39. Qd2 Qa1+ 40. Kg2 Qe5 41. Qd4 Qf5 42. Qh4+ Qh5 43. Qxh5+ gxh5 44. Ra8 1-0

[Event "Titled Tuesday intern op 25th Jul Early"]
[Site "Chess.com INT"]
[Date "2023.07.25"]
[Round "11"]
[White "Rajmohan, Vikram"]
[Black "Ionescu, Mihai"]
[Result "1-0"]
[WhiteElo "2012"]
[BlackElo "2244"]
[PlyCount "49"]
[EventDate "2023.07.25"]
[EventType "swiss (blitz)"]
[EventRounds "11"]
[EventCountry "USA"]
[SourceTitle "EXT 2024"]
[Source "ChessBase"]
[SourceDate "2023.10.10"]
[SourceVersion "1"]
[SourceVersionDate "2023.10.10"]
[SourceQuality "1"]

1. c4 b6 2. Nc3 Nf6 3. Nf3 Bb7 4. d4 e6 5. g3 Bb4 6. Bg2 0-0 7. 0-0 d5 8. cxd5 Nxd5 9. Qc2 Nf6 10. Bg5 h6 11. Bxf6 Qxf6 12. e4 Nc6 13. Rad1 Rfd8 14. d5 exd5 15. Nxd5 Qd6 16. Nxb6 axb6 17. Rxd6 Rxd6 18. a3 Bc5 19. Rd1 Rad8 20. Rxd6 Rxd6 21. b4 Bd4 22. b5 Ne5 23. Qxc7 Nxf3+ 24. Bxf3 Bc5 25. Qxb7 1-0

[Event "Las Vegas National op"]
[Site "Las Vegas"]
[Date "2023.06.14"]
[Round "1"]
[White "Rajmohan, Vikram"]
[Black "Jacobson, Brandon"]
[Result "0-1"]
[WhiteElo "2075"]
[BlackElo "2557"]
[PlyCount "58"]
[EventDate "2023.06.14"]
[EventType "swiss"]
[EventRounds "9"]
[EventCountry "USA"]
[SourceTitle "CBM 214 Extra"]
[Source "ChessBase"]
[SourceDate "2023.07.31"]
[SourceVersion "1"]
[SourceVersionDate "2023.07.31"]
[SourceQuality "1"]

1. Nf3 Nf6 2. c4 g6 3. Nc3 Bg7 4. g3 0-0 5. Bg2 d6 6. d4 Nbd7 7. 0-0 e5 8. b3 Re8 9. dxe5 dxe5 10. Bb2 e4 11. Nd4 c6 12. Nc2 h5 13. Qd2 h4 14. Qg5 Re5 15. Qd2 hxg3 16. hxg3 Re8 17. Rad1 Qc7 18. Qd6 Qa5 19. Ne3 Qh5 20. Rd4 Ne5 21. Nxe4 Nfg4 22. Nxg4 Nxg4 23. Rfd1 Bf5 24. Nc3 Be5 25. Qc5 Bxg3 26. Rxg4 Qh2+ 27. Kf1 Bxg4 28. Ne4 Bxe2+ 29. Kxe2 Qxg2 0-1